| 000 | 00754cam a22002412 4500 | ||
|---|---|---|---|
| 001 | 0000004522 | ||
| 005 | 20151217154349.0 | ||
| 008 | 070524s xx 000 0 eng d | ||
| 020 |
_a0618203230 : _cGBP 33.95 |
||
| 040 |
_aKABU _cKABU |
||
| 050 | 0 |
_aQA154.2 _b.A94 2003 |
|
| 100 | 1 |
_aAufmann, Richard N. _@0000155111 |
|
| 245 | 1 | 0 |
_aIntroductory algebra : _ban applied approach / _cR. N. Aufmann, V. C. Barker, J. S. Lockwood. |
| 250 | _a6th ed. | ||
| 260 |
_aBoston : _bHoughton Mifflin, _c2003. |
||
| 300 | _axxx, 521, [71] p. | ||
| 650 | 0 |
_aAlgebra. _@0000155076 |
|
| 700 | 1 |
_aBarker, V. C. _@0000155122 |
|
| 700 | 1 |
_aLockwood, J. S. _@0000155123 |
|
| 908 | _a070524 | ||
| 950 | _@1 | ||
| 999 |
_c10776 _d10776 |
||